Statistics for G1 The Transformers Quiz

Click here to take the quiz!

General Stats

  • This quiz has been taken 12,619 times
    (12,005 since last reset)
  • The average score is 75 of 196

Answer Stats

Answer% Correct
Optimus Prime
95%
Bumblebee / GoldBug
93%
Megatron
89%
Starscream
83%
Grimlock
77%
Ironhide
75%
Soundwave
75%
Jazz
72%
Ratchet
71%
Hot Rod / RodimusPrime
70%
Swoop
67%
Thundercracker
65%
Slag
65%
Shockwave
65%
Ultra Magnus
64%
Sideswipe
63%
Rumble
63%
Laserbeak
62%
Ravage
61%
Skywarp
61%
Prowl
61%
Snarl
61%
Cliffjumper
60%
Sludge
60%
Wheeljack
60%
Frenzy
58%
Hound
58%
Galvatron
57%
Sunstreaker
56%
Blaster
56%
Devastator
56%
Astrotrain
55%
Jetfire
55%
Blitzwing
54%
Springer
53%
Kup
53%
Brawl
53%
Bruticus
53%
Mix Master
52%
Swindle
52%
Ramjet
51%
Mirage
51%
Silverbolt
51%
Brawn
50%
Dirge
50%
Blurr
50%
Cyclonus
49%
Hook
49%
Bluestreak
49%
Superion
48%
Vortex
48%
Thrust
48%
Kickback
48%
PredaKing
48%
Motormaster
48%
Onslaught
48%
Perceptor
47%
Air Raid
47%
Blast Off
47%
Bombshell
47%
First Aid
46%
Bonecrusher
46%
Scrapper
46%
Menasor
46%
Long Haul
46%
Metroplex
46%
Ratbat
46%
Red Alert
46%
Smokescreen
45%
Buzzsaw
45%
Omega Supreme
45%
Huffer
45%
Rewind
44%
Hoist
44%
Defensor
44%
Inferno
44%
Scourge
43%
Gears
43%
Hot Spot
43%
Dead End
42%
Breakdown
42%
Powerglide
42%
Grapple
42%
Shrapnel
41%
Wheelie
41%
Scavenger
41%
Computron
41%
Trailbreaker
41%
Blades
41%
Drag Strip
41%
Tracks
40%
Warpath
40%
Octane
40%
Steeljaw
40%
Slingshot
39%
Eject
39%
Cosmos
39%
Groove
39%
Seaspray
38%
Windcharger
38%
Sandstorm
38%
Fortress Maximus
38%
Ramhorn
38%
Streetwise
38%
Skydive
38%
Beachcomber
37%
Fireflight
36%
Chrome Dome
36%
Wildrider
35%
Skids
35%
Trypticon
35%
Scattershot
34%
Brainstorm
34%
Reflector
34%
Rampage
34%
Pipes
33%
Broadside
33%
Divebomb
32%
Razorclaw
31%
Scorponok
31%
Hardhead
31%
Strafe
31%
Sky Lynx
31%
Tailgate
31%
Nosecone
31%
SixShot
30%
Abominus
30%
Lightspeed
30%
Wreck-Gar
30%
Swerve
29%
Hun-Gurrr
29%
Spike
28%
Tantrum
28%
Outback
28%
Crosshairs
27%
Highbrow
27%
Afterburner
27%
Runamuck
26%
Runabout
26%
Blot
26%
Headstrong
26%
Mindwipe
25%
Rippersnapper
24%
Chase
24%
Punch / Counterpunch
24%
Cerebros
24%
Apeface
24%
Sinnertwin
23%
Overkill
23%
Slugfest
22%
Weirdwolf
22%
Roller
21%
Rollbar
21%
Wideload
21%
Cutthroat
21%
Misfire
21%
Triggerhappy
21%
Freeway
20%
Sureshot
20%
Pounce
20%
Skullcruncher
20%
Searchlight
20%
Wingspan
19%
Snapdragon
19%
Fastlane
19%
Cloudraker
18%
Six-Gun
17%
Pointblank
17%
Slugslinger
17%
Lord Zarak
17%
Viewfinder
15%
Scamper
15%
Gnaw
15%
Spyglass
15%
Arcana
15%
Aimless
14%
Duros
14%
Nightstick
14%
Spectro
14%
Stylor
14%
Gort
13%
Slammer
13%
Firebolt
13%
Fracas
13%
Haywire
12%
Recoil
12%
Pinpointer
12%
Blowpipe
12%
Peacemaker
12%
Vorath
11%
Monzo
11%
Krunk
11%
Spoilsport
11%
Spasma
10%
Caliburst
10%
Grax
10%

Score Distribution

Percentile by Number Answered

Percent of People with Each Score

Your Score History

You have not taken this quiz since the last reset